Du plus grand au plus petit. (Pays D'Amérique du Sud) - Statistiques

Statistiques générales
  • Ce quiz a été pris 339 fois
  • Le résultat moyen est 11 sur 12
Statistiques - réponses
Place Superficie Pays Sud-Américain Indices % Correct
1 8 514 877 km² Brésil 6 lettres
100%
2 2 766 890 km² Argentine 9 lettres
99%
3 1 285 220 km² Pérou 5 lettres
96%
4 1 138 910 km² Colombie 8 lettres
93%
7 756 050 km² Chili 5 lettres
92%
5 1 098 580 km² Bolivie 7 lettres
92%
6 912 050 km² Vénézuela 9 lettres
92%
8 406 750 km² Paraguay 8 lettres
91%
9 283 560 km² Équateur 8 lettres
89%
10 214 970 km² Guyana 6 lettres
89%
12 163 270 km² Suriname 8 lettres
88%
11 176 220 km² Uruguay 7 lettres
87%
Aucun quiz correspondant
Distribution des résultats
% des personnes avec chaque résultat
Percentile par nombre de réponses
Votre historique - résultats
Vous n’avez pas pris ce quiz